000 00319nam a2200097Ia 4500
008 220120s9999||||xx |||||||||||||| ||und||
100 _aKarthik, D.V
_912104
245 0 _aPocket firewall: a networking security project
260 _aCoorg Institute of Technology
_bPonnampet
_c2007
650 _aELECTRONICS AND COMMUNICATIONS
999 _c137689
_d137689